<?xml version="1.0" encoding="UTF-8"?>
<record
    xmlns:xsi="http://www.w3.org/2001/XMLSchema-instance"
    xsi:schemaLocation="http://www.loc.gov/MARC21/slim http://www.loc.gov/standards/marcxml/schema/MARC21slim.xsd"
    xmlns="http://www.loc.gov/MARC21/slim">

  <leader>00249nam a22001097a 4500</leader>
  <controlfield tag="005">20230609145954.0</controlfield>
  <controlfield tag="008">230609b        |||||||| |||| 00| 0 eng d</controlfield>
  <datafield tag="022" ind1=" " ind2=" ">
    <subfield code="a">9770972510005</subfield>
  </datafield>
  <datafield tag="245" ind1=" " ind2=" ">
    <subfield code="a">APPLIED FINANCE</subfield>
  </datafield>
  <datafield tag="260" ind1=" " ind2=" ">
    <subfield code="b">IUP PUBLICATION</subfield>
  </datafield>
  <datafield tag="942" ind1=" " ind2=" ">
    <subfield code="c">JRL</subfield>
  </datafield>
  <datafield tag="999" ind1=" " ind2=" ">
    <subfield code="c">8322</subfield>
    <subfield code="d">8320</subfield>
  </datafield>
  <datafield tag="952" ind1=" " ind2=" ">
    <subfield code="0">0</subfield>
    <subfield code="1">0</subfield>
    <subfield code="4">0</subfield>
    <subfield code="7">0</subfield>
    <subfield code="a">JRU</subfield>
    <subfield code="b">JRU</subfield>
    <subfield code="d">2023-06-09</subfield>
    <subfield code="e">PURCHASE</subfield>
    <subfield code="h">VOL-25  ISSUE NO.-2  APR-2019</subfield>
    <subfield code="l">0</subfield>
    <subfield code="p">AF0001</subfield>
    <subfield code="r">2023-06-09 00:00:00</subfield>
    <subfield code="w">2023-06-09</subfield>
    <subfield code="y">JRL</subfield>
  </datafield>
  <datafield tag="952" ind1=" " ind2=" ">
    <subfield code="0">0</subfield>
    <subfield code="1">0</subfield>
    <subfield code="4">0</subfield>
    <subfield code="7">0</subfield>
    <subfield code="a">JRU</subfield>
    <subfield code="b">JRU</subfield>
    <subfield code="d">2023-06-09</subfield>
    <subfield code="e">PURCHASE</subfield>
    <subfield code="h">VOL-25  ISSUE NO.-3  JUL-2019</subfield>
    <subfield code="l">0</subfield>
    <subfield code="p">AF0002</subfield>
    <subfield code="r">2023-06-09 00:00:00</subfield>
    <subfield code="w">2023-06-09</subfield>
    <subfield code="y">JRL</subfield>
  </datafield>
  <datafield tag="952" ind1=" " ind2=" ">
    <subfield code="0">0</subfield>
    <subfield code="1">0</subfield>
    <subfield code="4">0</subfield>
    <subfield code="7">0</subfield>
    <subfield code="a">JRU</subfield>
    <subfield code="b">JRU</subfield>
    <subfield code="d">2023-06-09</subfield>
    <subfield code="e">PURCHASE</subfield>
    <subfield code="h">VOL-25  ISSUE NO.-4  OCT-2019</subfield>
    <subfield code="l">0</subfield>
    <subfield code="p">AF0003</subfield>
    <subfield code="r">2023-06-09 00:00:00</subfield>
    <subfield code="w">2023-06-09</subfield>
    <subfield code="y">JRL</subfield>
  </datafield>
  <datafield tag="952" ind1=" " ind2=" ">
    <subfield code="0">0</subfield>
    <subfield code="1">0</subfield>
    <subfield code="4">0</subfield>
    <subfield code="7">0</subfield>
    <subfield code="a">JRU</subfield>
    <subfield code="b">JRU</subfield>
    <subfield code="d">2023-06-09</subfield>
    <subfield code="e">PURCHASE</subfield>
    <subfield code="h">VOL-26  ISSUE NO.-1  JAN-2019</subfield>
    <subfield code="l">0</subfield>
    <subfield code="p">AF0004</subfield>
    <subfield code="r">2023-06-09 00:00:00</subfield>
    <subfield code="w">2023-06-09</subfield>
    <subfield code="y">JRL</subfield>
  </datafield>
  <datafield tag="952" ind1=" " ind2=" ">
    <subfield code="0">0</subfield>
    <subfield code="1">0</subfield>
    <subfield code="4">0</subfield>
    <subfield code="7">0</subfield>
    <subfield code="a">JRU</subfield>
    <subfield code="b">JRU</subfield>
    <subfield code="d">2023-06-09</subfield>
    <subfield code="e">PURCHASE</subfield>
    <subfield code="h">VOL-26 ISSUE NO.-1  JAN-2020</subfield>
    <subfield code="l">0</subfield>
    <subfield code="p">AF0005</subfield>
    <subfield code="r">2023-06-09 00:00:00</subfield>
    <subfield code="w">2023-06-09</subfield>
    <subfield code="y">JRL</subfield>
  </datafield>
  <datafield tag="952" ind1=" " ind2=" ">
    <subfield code="0">0</subfield>
    <subfield code="1">0</subfield>
    <subfield code="4">0</subfield>
    <subfield code="7">0</subfield>
    <subfield code="a">JRU</subfield>
    <subfield code="b">JRU</subfield>
    <subfield code="d">2023-06-09</subfield>
    <subfield code="e">PURCHASE</subfield>
    <subfield code="h">VOL-29  ISSUE NO.-1  JAN-2023</subfield>
    <subfield code="l">0</subfield>
    <subfield code="p">AF0006</subfield>
    <subfield code="r">2023-06-09 00:00:00</subfield>
    <subfield code="w">2023-06-09</subfield>
    <subfield code="y">JRL</subfield>
  </datafield>
  <datafield tag="952" ind1=" " ind2=" ">
    <subfield code="0">0</subfield>
    <subfield code="1">0</subfield>
    <subfield code="4">0</subfield>
    <subfield code="7">0</subfield>
    <subfield code="a">JRU</subfield>
    <subfield code="b">JRU</subfield>
    <subfield code="c">JRL</subfield>
    <subfield code="d">2023-07-24</subfield>
    <subfield code="e">PURCHASE</subfield>
    <subfield code="h">VOL-29,NO-2, APRIL-2023</subfield>
    <subfield code="l">0</subfield>
    <subfield code="p">AF0007</subfield>
    <subfield code="r">2023-07-24 00:00:00</subfield>
    <subfield code="w">2023-07-24</subfield>
    <subfield code="y">JRL</subfield>
  </datafield>
  <datafield tag="952" ind1=" " ind2=" ">
    <subfield code="0">0</subfield>
    <subfield code="1">0</subfield>
    <subfield code="4">0</subfield>
    <subfield code="7">0</subfield>
    <subfield code="a">JRU</subfield>
    <subfield code="b">JRU</subfield>
    <subfield code="c">JRL</subfield>
    <subfield code="d">2023-09-18</subfield>
    <subfield code="e">PURCHASE</subfield>
    <subfield code="h">VOL-29, ISSUE-3, [JULY-2023]</subfield>
    <subfield code="l">0</subfield>
    <subfield code="p">AF0008</subfield>
    <subfield code="r">2023-09-18 00:00:00</subfield>
    <subfield code="w">2023-09-18</subfield>
    <subfield code="y">JRL</subfield>
  </datafield>
  <datafield tag="952" ind1=" " ind2=" ">
    <subfield code="0">0</subfield>
    <subfield code="1">0</subfield>
    <subfield code="4">0</subfield>
    <subfield code="7">0</subfield>
    <subfield code="a">JRU</subfield>
    <subfield code="b">JRU</subfield>
    <subfield code="c">JRL</subfield>
    <subfield code="d">2024-01-17</subfield>
    <subfield code="e">PURCHASE</subfield>
    <subfield code="h">VOI-29, ISSUE-4 [OCT-2023]</subfield>
    <subfield code="l">0</subfield>
    <subfield code="p">AF0009</subfield>
    <subfield code="r">2024-01-18 10:56:36</subfield>
    <subfield code="w">2024-01-17</subfield>
    <subfield code="y">JRL</subfield>
  </datafield>
  <datafield tag="952" ind1=" " ind2=" ">
    <subfield code="0">0</subfield>
    <subfield code="1">0</subfield>
    <subfield code="4">0</subfield>
    <subfield code="7">0</subfield>
    <subfield code="8">IUP JOURNALS</subfield>
    <subfield code="a">JRU</subfield>
    <subfield code="b">JRU</subfield>
    <subfield code="c">JRL</subfield>
    <subfield code="d">2025-05-10</subfield>
    <subfield code="e">PURCHASE</subfield>
    <subfield code="h">VOL-31. NO-01 [JAN-2025]</subfield>
    <subfield code="l">0</subfield>
    <subfield code="p">AF0010</subfield>
    <subfield code="r">2025-05-10 11:18:03</subfield>
    <subfield code="w">2025-05-10</subfield>
    <subfield code="y">JRL</subfield>
  </datafield>
  <datafield tag="952" ind1=" " ind2=" ">
    <subfield code="0">0</subfield>
    <subfield code="1">0</subfield>
    <subfield code="4">0</subfield>
    <subfield code="7">0</subfield>
    <subfield code="8">IUP JOURNALS</subfield>
    <subfield code="a">JRU</subfield>
    <subfield code="b">JRU</subfield>
    <subfield code="c">JRL</subfield>
    <subfield code="d">2025-08-01</subfield>
    <subfield code="e">PURCHASE</subfield>
    <subfield code="h">VOL-31, NO-02 [APRIL-2025]</subfield>
    <subfield code="l">0</subfield>
    <subfield code="p">AF0011</subfield>
    <subfield code="r">2025-08-01 11:40:59</subfield>
    <subfield code="w">2025-08-01</subfield>
    <subfield code="y">JRL</subfield>
  </datafield>
  <datafield tag="952" ind1=" " ind2=" ">
    <subfield code="0">0</subfield>
    <subfield code="1">0</subfield>
    <subfield code="4">0</subfield>
    <subfield code="7">0</subfield>
    <subfield code="8">IUP JOURNALS</subfield>
    <subfield code="a">JRU</subfield>
    <subfield code="b">JRU</subfield>
    <subfield code="c">JRL</subfield>
    <subfield code="d">2025-11-10</subfield>
    <subfield code="e">PURCHASE</subfield>
    <subfield code="h">VOL-31, ISSUE-03 [JULY-SEP]</subfield>
    <subfield code="l">0</subfield>
    <subfield code="p">AF0012</subfield>
    <subfield code="r">2025-11-10 14:52:13</subfield>
    <subfield code="w">2025-11-10</subfield>
    <subfield code="y">JRL</subfield>
  </datafield>
  <datafield tag="952" ind1=" " ind2=" ">
    <subfield code="0">0</subfield>
    <subfield code="1">0</subfield>
    <subfield code="4">0</subfield>
    <subfield code="7">0</subfield>
    <subfield code="a">JRU</subfield>
    <subfield code="b">JRU</subfield>
    <subfield code="c">JRL</subfield>
    <subfield code="d">2026-01-07</subfield>
    <subfield code="e">PURCHASE</subfield>
    <subfield code="h">VOI-31, ISSUE-4 [OCT-DEC-2025]</subfield>
    <subfield code="l">0</subfield>
    <subfield code="p">AF0013</subfield>
    <subfield code="r">2026-01-07 07:06:08</subfield>
    <subfield code="w">2026-01-07</subfield>
    <subfield code="y">JRL</subfield>
  </datafield>
  <datafield tag="952" ind1=" " ind2=" ">
    <subfield code="0">0</subfield>
    <subfield code="1">0</subfield>
    <subfield code="4">0</subfield>
    <subfield code="7">0</subfield>
    <subfield code="a">JRU</subfield>
    <subfield code="b">JRU</subfield>
    <subfield code="c">JRL</subfield>
    <subfield code="d">2026-03-30</subfield>
    <subfield code="e">PURCHASE</subfield>
    <subfield code="h">VOI-32, ISSUE-1 [JAN-MAR-2026]</subfield>
    <subfield code="l">0</subfield>
    <subfield code="p">AF0014</subfield>
    <subfield code="r">2026-03-31 05:28:11</subfield>
    <subfield code="w">2026-03-31</subfield>
    <subfield code="y">JRL</subfield>
  </datafield>
</record>
